000
00305nam a2200121Ia 4500
008
241015s9999 xx 000 0 und d
041
_a
eng
082
_a
658.4038 BAK
100
_a
Baker
245
_a
Decision Intelligence For Dummies
260
_b
Wiley India
_a
New Delhi
_c
2022
300
_a
306;. P. 23 cm
999
_c
41877
_d
41877